000 00694nam a2200217 a 4500
005 20230302063627.0
008 020927s1997 mx r 000 0 spa d
020 _a8471124122
035 _aUPN01000119713
049 _aCG
050 4 _aLB1626
_bG5.7
100 1 _aGimeno Sacristán, José,
_d1947-
_930980
245 1 3 _aLa transición a la educación secundaria :
_bdiscontinuidades en las culturas escolares /
_cJosé Gimeno Sacristán.
260 _aMadrid :
_bMorata,
_c1997.
300 _a183 p.
440 0 _aPedagogía.
_pManuales
650 2 _aArticulación (Educación)
_92040
650 4 _aAdaptación estudiantil
_9387
650 4 _aAdaptación estudiantil
_9387
905 _aLibro
999 _c92064
_d92064